书目信息 |
| 题名: |
李镇笛子曲选集
|
|
| 作者: | ;人民音乐出版社 编 | |
| 分册: | ||
| 出版信息: | 北京 人民音乐出版社 2003 |
|
| 页数: | 401页 | |
| 开本: | 26cm | |
| 丛书名: | ||
| 单 册: | ||
| 中图分类: | J648.11 | |
| 科图分类: | ||
| 主题词: | 笛子--器乐曲--中国--现代--选集 , 笛子 , 器乐曲 | |
| 电子资源: | ||
| ISBN: | 7-103-02588-6 | |
| 000 | 00664nam0 2200229 450 | |
| 001 | 002475477 | |
| 005 | 20070806093852.67 | |
| 010 | @a7-103-02588-6@dCNY37.20 | |
| 100 | @a20031015d2003 em y0chiy0110 ea | |
| 101 | 0 | @achi |
| 102 | @aCN@b110000 | |
| 105 | @aga z 000yy | |
| 200 | 1 | @a李镇笛子曲选集@9li zhen di zi qu xuan ji@f人民音乐出版社编辑部编 |
| 210 | @a北京@c人民音乐出版社@d2003 | |
| 215 | @a401页@c图@d26cm | |
| 606 | 0 | @a笛子@x器乐曲@y中国@z现代@j选集 |
| 606 | 0 | @a笛子 |
| 606 | 0 | @a器乐曲 |
| 690 | @aJ648.11@v4 | |
| 711 | 02 | @a人民音乐出版社@9ren min yin yue chu ban she@b编辑部@4编 |
| 801 | 0 | @aCN@bNLC@c20070806 |
| 905 | @a10447@dJ648.11@e129 | |
| 李镇笛子曲选集/人民音乐出版社编辑部编.-北京:人民音乐出版社,2003 |
| 401页:图;26cm |
| ISBN 7-103-02588-6:CNY37.20 |
| ● |
| 相关链接 |
|
|
|
|
正题名:李镇笛子曲选集
索取号:J648.11/129
 
预约/预借
| 序号 | 登录号 | 条形码 | 馆藏地/架位号 | 状态 | 备注 |
| 1 | 0806295 | 208062950 | 第一样本阅览室/ [索取号:J648.11/129] | 在馆 | |
| 2 | 0806296 | 208062969 | 第一借阅区/ [索取号:J648.11/129] | 在馆 | |
| 3 | 0806297 | 208062978 | 第一借阅区/ [索取号:J648.11/129] | 在馆 | |
| 4 | 0806298 | 208062987 | 第一借阅区/ [索取号:J648.11/129] | 在馆 | |
| 5 | 0806299 | 208062996 | 第一借阅区/ [索取号:J648.11/129] | 在馆 | |
| 6 | 0806300 | 208063003 | 第一借阅区/ [索取号:J648.11/129] | 在馆 | |
| 7 | 0806301 | 208063012 | 第一借阅区/ [索取号:J648.11/129] | 在馆 | |
| 8 | 0806302 | 208063021 | 密集书库-音乐系/ [索取号:J648.11/129] | 在馆 | |
| 9 | 0806303 | 208063030 | 密集书库-音乐系/ [索取号:J648.11/129] | 在馆 | |
| 10 | 0806304 | 208063049 | 密集书库-音乐系/ [索取号:J648.11/129] | 在馆 |